Le meilleur scoreur de chaque cuvée de draft NBA - Statistiques

Statistiques générales
  • Ce quiz a été pris 729 fois
    468 depuis la dernière actualisation
  • Le résultat moyen est 23 sur 77
Statistiques - réponses
Année de draft Joueur Points % Correct
2003 LeBron James 38652
94%
1984 Michael Jordan 32292
85%
2007 Kevin Durant 26892
78%
1996 Kobe Bryant 33643
78%
2018 Luka Doncic 9100
77%
2009 James Harden 24693
72%
2019 Ja Morant 5557
71%
2020 Anthony Edwards 4871
68%
2008 Russell Westbrook 24457
67%
1969 Kareem Abdul-Jabbar 38387
66%
1992 Shaquille O'Neal 28596
65%
1985 Karl Malone 36928
64%
1976 Moses Malone 27409
63%
1997 Tim Duncan 26496
62%
1959 Wilt Chamberlain 31419
62%
1979 Larry Bird 21791
61%
2011 Kyrie Irving 15712
60%
1998 Dirk Nowitzki 31560
55%
2005 Chris Paul 21755
53%
2016 Joel Embiid 10718
53%
2012 Damian Lillard 19376
52%
2013 Giannis Antetokounmpo 16280
52%
1989 David Robinson 20790
50%
1995 Kevin Garnett 26071
40%
2014 Andrew Wiggins 12152
39%
2004 Dwight Howard 19485
39%
2017 Donovan Mitchell 10156
38%
2010 Paul George 16361
37%
1954 Bob Pettit 20880
36%
2021 Jalen Green 2840
36%
1960 Oscar Robertson 26710
36%
1950 Bob Cousy 16960
34%
2015 Devin Booker 12688
34%
1982 Dominique Wilkins 26668
26%
1994 Jason Kidd 17529
26%
1962 John Havlicek 26395
26%
1958 Elgin Baylor 23149
25%
2001 Pau Gasol 20894
25%
1987 Reggie Miller 25279
25%
1983 Clyde Drexler 22195
24%
1968 Elvin Hayes 27313
23%
1948 George Mikan 10156
18%
1971 Randy Smith 16262
18%
1991 Steve Smith 13430
18%
1972 Bob McAdoo 18787
17%
1990 Gary Payton 21813
17%
1957 Sam Jones 15411
16%
1993 Chris Webber 17182
15%
1977 Bernard King 19655
14%
2006 LaMarcus Aldridge 20558
13%
1980 Kevin McHale 17335
12%
2002 Amar'e Stoudemire 15994
10%
1949 Dolph Schayes 18438
9%
1988 Mitch Richmond 20497
8%
1963 Nate Thurmond 14437
7%
2022 Paolo Banchero 1437
6%
1961 Walt Bellamy 20941
6%
1970 Bob Lanier 19248
5%
1966 Dave Bing 18327
5%
1965 Gail Goodrich 19181
5%
2000 Jamal Crawford 19419
5%
1967 Earl Monroe 17454
4%
1946 Joe Fulks 8003
4%
1981 Tom Chambers 20049
4%
1951 Neil Johnston 10023
3%
1947 Carl Braun 10625
2%
1999 Jason Terry 18881
2%
1978 Reggie Theus 19015
2%
1975 World B. Free 17955
2%
1955 Jack Twyman 15840
1%
1986 Jeff Hornacek 15659
1%
1964 Jeff Mullins 13017
1%
1974 John Drew 15291
1%
1956 Richie Guerin 14676
1%
1953 Clyde Lovellette 11947
0%
1952 Jack McMahon 4237
0%
1973 Mike Bantom 8568
0%
Aucun quiz correspondant
Distribution des résultats
% des personnes avec chaque résultat
Percentile par nombre de réponses
Votre historique - résultats
Vous n’avez pas pris ce quiz depuis la dernière actualisation